Sports Quiz

Random Sports or Football Quiz
Score 0/88 Timer 04:00
11 Plays Today
% Correct
2008Alabama
97%
2009Alabama
97%
2000Florida
96.3%
2001Florida
96.3%
2009Florida
96.2%
2006Florida
96.2%
2008Florida
96.2%
2004Texas
94.9%
2005Texas
94.9%
2008Texas
94.9%
2009Texas
94.9%
2002Ohio State
94.8%
2003Ohio State
94.8%
2005Ohio State
94.8%
2008Ohio State
94.8%
2009Ohio State
94.8%
2006Ohio State
94.8%
2007Ohio State
94.8%
2002USC
94.1%
2003USC
94.1%
2004USC
94.1%
2005USC
94.1%
2006USC
94.1%
2007USC
94.1%
2008USC
94.1%
2003Michigan
93.8%
2004Michigan
93.8%
2006Michigan
93.7%
2000Florida State
92.7%
2002Florida State
92.7%
% Correct
2003Florida State
92.7%
2005Florida State
92%
2000Oklahoma
91.2%
2002Oklahoma
91.2%
2003Oklahoma
91.2%
2004Oklahoma
91.2%
2006Oklahoma
91.2%
2007Oklahoma
91.2%
2008Oklahoma
91.2%
2001LSU
87.8%
2003LSU
87.8%
2006LSU
87.8%
2007LSU
87.8%
2001Oregon
86.2%
2009Oregon
86.2%
2000Miami
85.7%
2001Miami
85.7%
2002Miami
85.7%
2003Miami
85.7%
2002Georgia
83.1%
2005Georgia
83.1%
2007Georgia
83.1%
2005Penn State
82%
2008Penn State
82%
2000Washington
80.5%
2004Auburn
79.4%
2001Nebraska
75.5%
2006Boise State
74%
2009Boise State
74%
2000Notre Dame
73.6%
% Correct
2005Notre Dame
73.6%
2006Notre Dame
73.6%
2002Iowa
66.8%
2009Iowa
66.8%
2004Virginia Tech
65.7%
2007Virginia Tech
65.7%
2008Virginia Tech
65.7%
2007Kansas
65.5%
2004Utah
59.8%
2008Utah
59.8%
2009TCU
58.6%
2001Colorado
57.8%
2002Washington State
57.2%
2000Oregon State
57.1%
2009Georgia Tech
55.8%
2003Kansas State
55.3%
2001Illinois
55%
2007Illinois
55%
2005West Virginia
50.7%
2007West Virginia
50.7%
2004Pittsburgh
50.2%
2000Purdue
45.2%
2006Louisville
43.4%
2001Maryland
42.3%
2007Hawaii
35.2%
2008Cincinnati
29.2%
2009Cincinnati
29.2%
2006Wake Forest
27.2%
Remove Ads.
Support Sporcle.
Get the best of Sporcle when you Go Orange. This ad-free experience offers more features, more stats, and more fun while also helping to support Sporcle. Thank you for becoming a member.

You're not logged in!

Compare scores with friends on all Sporcle quizzes.
OR
Log In

Show Comments

Extras

Top Quizzes Today


Score Distribution

Your Account Isn't Verified!

In order to create a playlist on Sporcle, you need to verify the email address you used during registration. Go to your Sporcle Settings to finish the process.

Report this User

Report this user for behavior that violates our Community Guidelines.

Details: